01340nac a22003137a 4500001001000000003000900010005001700019008003400036040005400070072001300124090001900137100001400156100001800170110007400188245015000262246015600412260003800568300000900606490008900615650001900704650001500723650002500738650002100763650001300784909004700797942001700844999001900861952014600880BR8400032BR-BrBNA20240105115921.0230509b bl.|||m| |||| 00| 0 por d aBR-BrBNAbporcBiblioteca Nacional de Agricultura aH20; F00 a1540 BR84000321 aPerim, S.1 aCosta, I.R.S.1 aCentro de Pesquisa Agropecuaria dos Cerrados, Planaltina, DF (Brasil)1 aVariedades de mandioca mansa, resistentes a bacteriose, para a Regiao Geoeconomica de Brasilia [Manihot esculenta, Xanthomonas manihotis, Brasil]1 a[Varieties of cultivated cassava, resistant to bacteriosis, for the geo-economic region of Brasilia [Manihot esculenta, Xanthomonas manihotis, Brazil]]3 aPlanaltina, DF (Brasil): c1983.  a6 p. aComunicado Tecnico - Centro de Pesquisa Agropecuaria dos Cerrados (Brazil)vno. 28x aMANDIOCA MANSA aBACTERIOSE aVARIEDADE RESISTENTE aPRATICA CULTURAL aBRASILIA a202312bLúcia Elandec55dLúcia Elande 2AGRISn0cMS c277067d277067 002AGRIS40708Acervo Gerala41918b41918cAGROBASEl0o1540 BR8400032p1540 BR8400032r2023-12-18yMSePortaria Interministerial nº 164/94